00206nam a2200085 a 450000500170000000800410001705000240005810000190008224500190010120140414131949.0110201s19uu xx 00 eng d aTR 305.23bM36 1998 aMarzollo, Jean aHow kids grow.